| 000 | 01431cam a2200337 i 4500 | ||
|---|---|---|---|
| 001 | 25801 | ||
| 003 | Mx-PuUPA | ||
| 005 | 20250724103430.0 | ||
| 008 | 140415s2015 mx ad gr 001 0 spa d | ||
| 020 |
_a9786070269981 _qrústica |
||
| 020 |
_a9786070269875 _qcolección rústica |
||
| 040 |
_aMx-PuUPA _bspa _cMx-PuUPA _dMx-PuUPA _erda |
||
| 041 | 0 | _aspa | |
| 100 | 1 |
_aFlores Dávila, Julia Isabel, _917339 _eautor |
|
| 245 | 1 | 0 |
_aSentimientos y resentimientos de la nación / _cJulia Isabel Flores |
| 246 | 1 | 3 |
_aSentimientos y resentimientos de la nación : _bencuesta nacional de Identidad y Valores |
| 250 |
_aPrimera edición / _bagosto |
||
| 264 | 1 |
_aMéxico, D.F. : _bUniversidad Nacional Autónoma de México, _c2015 |
|
| 300 |
_a388 páginas : _bilustraciones, gráficas ; _c23 cm |
||
| 336 |
_2rdacontent _atexto _btxt |
||
| 337 |
_2rdamedia _asin medio _bn |
||
| 338 |
_2rdacarrier _avolumen _bnc |
||
| 490 | 0 |
_aLos mexicanos vistos por sí mismos. Los grandes temas nacionales ; _v11 |
|
| 650 | 7 |
_2armarc _aNacionalismo _zMéxico _ySiglo XXI _xEncuestas de la opinión pública |
|
| 650 | 7 |
_2armarc _aCaracterísticas nacionales mexicanas _xAspectos psicológicos _ySiglo XXI |
|
| 650 | 7 |
_2armarc _aValores sociales _zMéxico |
|
| 942 |
_2ddc _cLI _h320.540972 _iF62 |
||
| 999 |
_c25801 _d25801 |
||